Normal view MARC view

Entry Personal Name

Number of records used in: 3

001 - CONTROL NUMBER

  • control field: 31141

003 - CONTROL NUMBER IDENTIFIER

  • control field: dpl

005 - DATE AND TIME OF LATEST TRANSACTION

  • control field: 20110803163120.0

008 - FIXED-LENGTH DATA ELEMENTS

  • fixed length control field: 110803|||a|||||| | ||| d

040 ## - CATALOGING SOURCE

  • Original cataloging agency: dpl
  • Transcribing agency: dpl

100 ## - HEADING--PERSONAL NAME

  • Personal name: Sahni, Sati.

670 ## - SOURCE DATA FOUND

  • Source citation: Work cat.: (dpl)54800: Sahni, Sati., Nehru's Kashmir /, 2011.

670 ## - SOURCE DATA FOUND

  • Source citation: Work cat.: (dpl)54800: Sahni, Sati., Nehru's Kashmir /, 2011.

© Delhi Public Library
Hit Counter
free hit counter